书目信息 |
| 题名: |
弘扬求真务实精神
|
|
| 作者: | 张荣臣 编 | |
| 分册: | ||
| 出版信息: | 北京 人民日报出版社 2004 |
|
| 页数: | 237页 | |
| 开本: | 20cm | |
| 丛书名: | ||
| 单 册: | ||
| 中图分类: | D64 , D2-0 | |
| 科图分类: | ||
| 主题词: | 胡锦涛--著作--学习参考资料 , 思想政治教育--中国--学习参考资料 | |
| 电子资源: | ||
| ISBN: | 7-80153-819-6 | |
| 000 | 00642nam0 2200217 450 | |
| 001 | 0761184630 | |
| 005 | 20070712162658.60 | |
| 010 | @a7-80153-819-6@dCNY15.00 | |
| 100 | @a20070705d2004 km y0chiy0120 ea | |
| 101 | 0 | @achi |
| 102 | @aCN@b110000 | |
| 200 | 1 | @a弘扬求真务实精神@Ahong yang qiu zhen wu shi jing shen@f张荣臣编@Fzhang rong chen bian |
| 210 | @a北京@c人民日报出版社@d2004 | |
| 215 | @a237页@d20cm | |
| 606 | 0 | @a胡锦涛@x著作@x学习参考资料 |
| 606 | 0 | @a思想政治教育@x中国@x学习参考资料 |
| 690 | @aD64@v3 | |
| 690 | @aD2-0@v3 | |
| 701 | 0 | @a张荣臣@Azhang rong chen@4编 |
| 801 | 0 | @aCN@bPFT@c20070712 |
| 905 | @a10447@dD2-0@e121 | |
| 弘扬求真务实精神/张荣臣编.-北京:人民日报出版社,2004 |
| 237页;20cm |
| ISBN 7-80153-819-6:CNY15.00 |
| ● |
| 相关链接 |
|
|
|
|
正题名:弘扬求真务实精神
索取号:D2-0/121
 
预约/预借
| 序号 | 登录号 | 条形码 | 馆藏地/架位号 | 状态 | 备注 |
| 1 | 0765454 | 207654545 | 密集书库/ [索取号:D2-0/121] | 在馆 | |
| 2 | 0766251 | 207662518 | 密集书库/ [索取号:D2-0/121] | 在馆 | |
| 3 | 0766605 | 207666051 | 密集书库/ [索取号:D2-0/121] | 在馆 | |
| 4 | 0769300 | 207693003 | 密集书库/ [索取号:D2-0/121] | 在馆 | |
| 5 | 0769889 | 207698892 | 密集书库/ [索取号:D2-0/121] | 在馆 |